Fundamentals of digital image processing (Record no. 5009)
[ view plain ]
| 000 -LEADER | |
|---|---|
| fixed length control field | 00456nam a2200157Ia 4500 |
| 003 - CONTROL NUMBER IDENTIFIER | |
| control field | SGT |
| 020 ## - INTERNATIONAL STANDARD BOOK NUMBER | |
| International Standard Book Number | 9788131705032 |
| 082 ## - DEWEY DECIMAL CLASSIFICATION NUMBER | |
| Classification number | 621.367 |
| Item number | JAI |
| 100 ## - MAIN ENTRY--PERSONAL NAME | |
| Personal name | Jain,Anil K |
| 245 ## - TITLE STATEMENT | |
| Title | Fundamentals of digital image processing |
| 260 ## - PUBLICATION, DISTRIBUTION, ETC. (IMPRINT) | |
| Name of publisher, distributor, etc | Pearson |
| Place of publication, distribution, etc | N.Delhi |
| Year of Publication | 2007 |
| 300 ## - PAGE DESCRIPTION | |
| No. of Pages | 508p. |
| 650 ## - SUBJECT ADDED ENTRY--TOPICAL TERM | |
| Topical term or geographic name as entry element | ELECTRONICS ENGINEERING |
| 653 ## - KEYWORDS--INDEX TERM | |
| Keyword term | ACKNOWLEDGMENTS,IMAGE PERCEPTION,IMAGE SAMPLING AND QUANTIZATION,IMAGE TRANSFORMS,IMAGE ENHANCEMENT |
| 942 ## - ADDED ENTRY ELEMENTS (KOHA) | |
| Source of classification or shelving scheme | Dewey Decimal Classification |
| Koha item type | Books |
| Withdrawn status | Lost status | Source of classification or shelving scheme | Damaged status | Not for loan | Home library | Current library | Date acquired | SGTU | Total Checkouts | Full call number | Accession No. (Barcode) | Date last seen | Date last borrowed | Bill Date | Koha item type |
|---|---|---|---|---|---|---|---|---|---|---|---|---|---|---|---|
| Dewey Decimal Classification | SGT Engineering Library | SGT Engineering Library | 14/05/2010 | SGTU | 1 | 621.367 JAI | FE2235 | 04/02/2019 | 21/01/2019 | 09/02/2015 | Books | ||||
| Dewey Decimal Classification | SGT Engineering Library | SGT Engineering Library | 14/05/2010 | SGTU | 621.367 JAI | FE2236 | 09/02/2015 | 09/02/2015 | Books | ||||||
| Dewey Decimal Classification | SGT Engineering Library | SGT Engineering Library | 14/05/2010 | SGTU | 621.367 JAI | FE2237 | 09/02/2015 | 09/02/2015 | Books | ||||||
| Dewey Decimal Classification | SGT Engineering Library | SGT Engineering Library | 14/05/2010 | SGTU | 621.367 JAI | FE2238 | 09/02/2015 | 09/02/2015 | Books | ||||||
| Dewey Decimal Classification | SGT Engineering Library | SGT Engineering Library | 14/05/2010 | SGTU | 1 | 621.367 JAI | FE2239 | 12/02/2019 | 21/01/2019 | 09/02/2015 | Books | ||||
| Dewey Decimal Classification | SGT Engineering Library | SGT Engineering Library | 06/09/2012 | SGTU | 621.367 JAI | FE5548 | 09/02/2015 | 09/02/2015 | Books | ||||||
| Dewey Decimal Classification | SGT Engineering Library | SGT Engineering Library | 06/09/2012 | SGTU | 621.367 JAI | FE5549 | 09/02/2015 | 09/02/2015 | Books |